000 00435nam a2200145 a 4500
001 000023929
005 20200930022558.0
008 110117s2010 dr a 000 0 spa d
020 _a9789945427970
040 _aDO-SdBNP
_bspa
_cBNPHU
100 1 _akais Barina, Blanca
_949232
245 1 0 _aMi abuela me dice Blanca Kais Barinas /
_cBlanca kais Barina.
260 _aSanto Domingo :
_b[s.n.],
_c2010.
300 _a[14] p. :
_bil. ;
_c14 cm.
999 _c23425
_d23425